[Event "1st 4NCL International"]
[Site "Telford"]
[Date "2018.10.31"]
[Round "1"]
[Board "1"]
[White "Morris, Nigel W"]
[Black "Tarr, Steve F"]
[Result "1/2-1/2"]
[WhiteElo "1455"]
[BlackElo "1728"]
[PlyCount "43"]
[EventDate "2018.10.31"]
[EventRounds "9"]
[EventCountry "ENG"]

1. Nf3 Nf6 2. c4 c6 3. Nc3 d5 4. e3 dxc4 5. Bxc4 b5 6. Bb3 e6 7. O-O Nbd7 8. d4
Bd6 9. a4 b4 10. Ne2 a5 11. Qc2 Bb7 12. e4 e5 13. dxe5 Nxe5 14. Nxe5 Bxe5 15.
f4 Bd4+ 16. Kh1 Ng4 17. Qc4 Qh4 18. Qxf7+ Kd8 19. h3 Nf2+ 20. Kh2 Ng4+ 21. Kh1
Nf2+ 22. Kh2  1/2-1/2

[Event "1st 4NCL International"]
[Site "Telford"]
[Date "2018.10.31"]
[Round "1"]
[Board "2"]
[White "Neil, Graham"]
[Black "Cordova Lopez, Diego Anton"]
[Result "1/2-1/2"]
[WhiteElo "1660"]
[BlackElo "1447"]
[PlyCount "60"]
[EventDate "2018.10.31"]
[EventRounds "9"]
[EventCountry "ENG"]

1. d4 Nf6 2. Nf3 g6 3. e3 Bg7 4. Bd3 O-O 5. O-O d6 6. Re1 c5 7. c3 b6 8. Nbd2
Bb7 9. Qc2 Nbd7 10. Ne4 Qc7 11. Ned2 Rfe8 12. Qd1 e5 13. dxe5 dxe5 14. e4 Rad8
15. Qe2 Bc6 16. Nf1 Nf8 17. b3 Ne6 18. g3 Rd7 19. Bc2 Red8 20. Ng5 Nxg5 21.
Bxg5 Qb7 22. h4 h6 23. Bxf6 Bxf6 24. f3 a6 25. Rad1 Bb5 26. c4 Bc6 27. Ne3 Bg7
28. g4 b5 29. Rxd7 Rxd7 30. Qh2 a5  1/2-1/2

[Event "1st 4NCL International"]
[Site "Telford"]
[Date "2018.10.31"]
[Round "1"]
[Board "3"]
[White "Pert, Nina P"]
[Black "Duffell, Andrew"]
[Result "1-0"]
[WhiteElo "1438"]
[BlackElo "1630"]
[PlyCount "59"]
[EventDate "2018.10.31"]
[EventRounds "9"]
[EventCountry "ENG"]

1. e4 c6 2. d4 d5 3. Nc3 dxe4 4. Nxe4 Nf6 5. Nxf6+ gxf6 6. Nf3 Bf5 7. Be2 Nd7
8. O-O Qc7 9. c4 O-O-O 10. Be3 e5 11. d5 c5 12. Nh4 Bg6 13. f4 exf4 14. Bxf4
Bd6 15. Bxd6 Qxd6 16. Qa4 Kb8 17. a3 Rhe8 18. Bg4 Re4 19. Bxd7 Rxh4 20. Bh3 Rg8
21. Rae1 Be4 22. Rf3 Rxh3 23. Rxh3 Rxg2+ 24. Kh1 Rxb2+ 25. Kg1 Rg2+ 26. Kh1
Rg3+ 27. Rxe4 Rxh3 28. Qe8+ Kc7 29. Re7+ Kb6 30. Qb5#  1-0

[Event "1st 4NCL International"]
[Site "Telford"]
[Date "2018.10.31"]
[Round "1"]
[Board "4"]
[White "Fraser, Chris A"]
[Black "Maurus, Mickey"]
[Result "1/2-1/2"]
[WhiteElo "1592"]
[BlackElo "1435"]
[PlyCount "101"]
[EventDate "2018.10.31"]
[EventRounds "9"]
[EventCountry "ENG"]

1. Nf3 d5 2. c4 e6 3. g3 Nf6 4. Bg2 b6 5. cxd5 exd5 6. O-O Bb7 7. d4 Bd6 8. Nc3
Nbd7 9. Qc2 O-O 10. Nb5 Qe7 11. Nxd6 cxd6 12. Bf4 Rac8 13. Qd3 Rc6 14. Rac1
Rfc8 15. Rxc6 Rxc6 16. Rc1 Rxc1+ 17. Bxc1 Qe4 18. Ne1 Qe6 19. Bf4 Nh5 20. Bd2
Nhf6 21. Bf4 Nh5 22. Bd2 Nhf6 23. Bf3 Ne4 24. Bf4 h6 25. Ng2 Nf8 26. Bc1 Nd7
27. Ne3 Qg6 28. Bg2 f5 29. f3 Nxg3 30. hxg3 Qxg3 31. Bd2 g6 32. Nxf5 gxf5 33.
Qxf5 Qg7 34. Qe6+ Kh7 35. Be3 Ba6 36. Qf5+ Kh8 37. Kf2 Bxe2 38. Bh3 Bb5 39.
Qxd5 Bd3 40. Bxd7 Qxd7 41. Bxh6 Qe7 42. Kg3 Qe1+ 43. Kg4 Qg1+ 44. Kf4 Qc1+ 45.
Kg3 Qxh6 46. Qa8+ Kh7 47. Qd8 Qg6+ 48. Kf2 Qe6 49. Qh4+ Qh6 50. Qe7+ Kh8 51.
Qe8+  1/2-1/2

[Event "1st 4NCL International"]
[Site "Telford"]
[Date "2018.10.31"]
[Round "1"]
[Board "5"]
[White "Fisher, Neal"]
[Black "Bamford, Paul"]
[Result "0-1"]
[WhiteElo "1434"]
[BlackElo "1578"]
[PlyCount "152"]
[EventDate "2018.10.31"]
[EventRounds "9"]
[EventCountry "ENG"]

1. d4 Nf6 2. Nf3 e6 3. Bf4 Nh5 4. Bg3 Nxg3 5. hxg3 d5 6. e3 Nd7 7. c3 Qe7 8.
Bd3 g6 9. Nbd2 Bg7 10. Qc2 e5 11. dxe5 Nxe5 12. Nxe5 Bxe5 13. Nf3 Bg7 14. Nh4
Be6 15. O-O-O O-O-O 16. Rde1 f5 17. Nf3 c5 18. Qa4 Kb8 19. Nd2 Qc7 20. Kb1 c4
21. Be2 Bd7 22. Qc2 b5 23. Bf3 Bc6 24. Rh2 Ka8 25. Ka1 Rb8 26. a3 a5 27. b4 Rb6
28. Kb2 Ra6 29. Ra1 Rb8 30. Ra2 Rb7 31. Rh1 Rba7 32. Rha1 Qe5 33. Nb1 Kb7 34.
Kc1 g5 35. g4 Bd7 36. Qe2 h5 37. Qd2 Rd6 38. gxh5 g4 39. Bd1 Qh2 40. g3 Qxh5
41. bxa5 Rxa5 42. a4 b4 43. Rb2 b3 44. Be2 Qh1+ 45. Bd1 Rxa4 46. Rxa4 Bxa4 47.
Na3 Rd7 48. Nb1 Bc6 49. Na3 d4 50. cxd4 Rxd4 51. Qb4+ Kc7 52. Rd2 Rxd2 53. Qxd2
c3 54. Qe2 c2 55. Nxc2 bxc2 56. Qxc2 Qe4 57. Qxe4 Bxe4 58. Kd2 Kd6 59. Ke1 Kc5
60. Kf1 Kb4 61. Kg1 Kc3 62. Ba4 Kd2 63. Bd7 Ke2 64. Bb5+ Bd3 65. Bxd3+ Kxd3 66.
Kf1 Bc3 67. Kg2 Ke2 68. Kg1 Be1 69. Kg2 Bxf2 70. Kh2 Bxe3 71. Kg2 Bd2 72. Kg1
Kf3 73. Kh2 Kf2 74. Kh1 Kxg3 75. Kg1 f4 76. Kh1 Kf2  0-1

[Event "1st 4NCL International"]
[Site "Telford"]
[Date "2018.10.31"]
[Round "1"]
[Board "6"]
[White "Fancourt, Leslie J"]
[Black "Mellor, Peter"]
[Result "0-1"]
[WhiteElo "1570"]
[BlackElo "1427"]
[PlyCount "80"]
[EventDate "2018.10.31"]
[EventRounds "9"]
[EventCountry "ENG"]

1. e4 g6 2. d4 Bg7 3. Nf3 d6 4. c3 Nf6 5. Bd3 O-O 6. Bg5 Nh5 7. Qd2 Nc6 8. Na3
f6 9. Bh4 e5 10. Bc4+ Kh8 11. Nc2 Nf4 12. O-O Bh6 13. Ne3 Qe8 14. Qe1 exd4 15.
Nd5 Nxd5 16. Bxd5 Ne5 17. Nxd4 c6 18. Bb3 c5 19. Ne2 Nd3 20. Qb1 Qxe4 21. Ng3
Qxh4 22. Qxd3 Bf4 23. Rfe1 Be5 24. Re4 Qh6 25. Qc4 f5 26. Rh4 Qg7 27. f4 Bf6
28. Rh3 Qc7 29. Qd5 Qb6 30. Kh1 Qc7 31. Rd1 Re8 32. Bc4 Rd8 33. Re1 Rb8 34. Nf1
b5 35. Rhe3 bxc4 36. Re8+ Rxe8 37. Rxe8+ Kg7 38. Qg8+ Kh6 39. Ng3 Rxb2 40. Qxc4
Qb7  0-1

[Event "1st 4NCL International"]
[Site "Telford"]
[Date "2018.10.31"]
[Round "1"]
[Board "8"]
[White "Watson, Andrew"]
[Black "Shepherd, Graham C"]
[Result "0-1"]
[WhiteElo "1540"]
[BlackElo "1416"]
[PlyCount "136"]
[EventDate "2018.10.31"]
[EventRounds "9"]
[EventCountry "ENG"]

1. d4 Nf6 2. Bg5 e6 3. c4 Be7 4. Nc3 c6 5. e4 d6 6. f4 h6 7. Bh4 Nxe4 8. Bxe7
Nxc3 9. Bxd8 Nxd1 10. Bc7 Nxb2 11. Bxd6 Na4 12. Nf3 Nd7 13. Be2 Nf6 14. Nd2 Nb6
15. O-O Bd7 16. Rab1 Nc8 17. Ba3 b6 18. Rf3 Ne7 19. Bd3 Nf5 20. Bxf5 exf5 21.
Re3+ Be6 22. Rbe1 O-O-O 23. Bb2 Rhe8 24. d5 Bd7 25. Be5 Ng4 26. Ra3 Nxe5 27.
fxe5 Kb7 28. Rb3 Bc8 29. d6 f6 30. Nf3 fxe5 31. c5 Be6 32. Rb2 e4 33. Nd4 g6
34. a4 Bd5 35. Reb1 e3 36. g3 Re5 37. Nb3 Bxb3 38. Rxb3 g5 39. a5 b5 40. a6+
Kc8 41. Re1 f4 42. Kg2 Rxc5 43. gxf4 gxf4 44. Kf3 Rf8 45. Rd3 Kd7 46. Rg1 Rf7
47. Rg6 Rc2 48. Rd1 Rxh2 49. Re1 Rc2 50. Rxh6 Rc5 51. Rh8 Kxd6 52. Rh6+ Kc7 53.
Rh8 b4 54. Rb1 Rb5 55. Rh6 b3 56. Re6 b2 57. Re4 Kb6 58. Ra4 c5 59. Ra2 c4 60.
Raxb2 Rxb2 61. Rxb2+ Kxa6 62. Rb4 Rc7 63. Kxf4 e2 64. Rb1 c3 65. Kf3 Re7 66.
Kf2 e1=Q+ 67. Rxe1 Rxe1 68. Kxe1 Kb5  0-1

[Event "1st 4NCL International"]
[Site "Telford"]
[Date "2018.10.31"]
[Round "1"]
[Board "9"]
[White "Pert, Max P"]
[Black "Parry, Samuel A"]
[Result "0-1"]
[WhiteElo "1393"]
[BlackElo "1518"]
[PlyCount "80"]
[EventDate "2018.10.31"]
[EventRounds "9"]
[EventCountry "ENG"]

1. d4 Nf6 2. Nc3 d5 3. e4 dxe4 4. f3 exf3 5. Nxf3 e6 6. Bf4 Be7 7. Bd3 a6 8.
O-O Nbd7 9. Qe1 c5 10. Qg3 Nh5 11. Qg4 Ndf6 12. Qh4 Nd5 13. Qxh5 Nxf4 14. Qe5
Nxd3 15. cxd3 cxd4 16. Ne2 Bf6 17. Qf4 O-O 18. Nexd4 Qb6 19. Kh1 Rd8 20. Nb3
Rxd3 21. Ne5 Rd5 22. Nc4 Qd8 23. Qg3 Kh8 24. Qf2 Rf5 25. Qe3 Rxf1+ 26. Rxf1 b5
27. Nb6 Rb8 28. Rc1 Bg5 29. Rxc8 Rxc8 30. Qg1 Rc6 31. Nd4 Rc1 32. Qxc1 Bxc1 33.
h3 Qxd4 34. Nc8 Bf4 35. g4 Qe4+ 36. Kg1 Qe1+ 37. Kg2 Qe2+ 38. Kg1 Be3+ 39. Kh1
Qf1+ 40. Kh2 Qg1#  0-1

[Event "1st 4NCL International"]
[Site "Telford"]
[Date "2018.10.31"]
[Round "1"]
[Board "10"]
[White "Waller, John"]
[Black "Hawthorne, Julian N"]
[Result "1-0"]
[WhiteElo "1495"]
[BlackElo "1332"]
[PlyCount "75"]
[EventDate "2018.10.31"]
[EventRounds "9"]
[EventCountry "ENG"]

1. e4 c5 2. Nf3 e6 3. d4 cxd4 4. Nxd4 Nc6 5. Nc3 Bb4 6. Ndb5 d5 7. Bf4 d4 8. a3
Bxc3+ 9. bxc3 e5 10. cxd4 exf4 11. e5 Nge7 12. Nd6+ Kf8 13. Bc4 Be6 14. Bxe6
fxe6 15. c3 Nd5 16. Qg4 Qe7 17. O-O Kg8 18. Rab1 b6 19. c4 Nc3 20. Rbc1 Na2 21.
Rc2 h5 22. Qxf4 Rf8 23. Qd2 Rh6 24. Rxa2 h4 25. Qe3 h3 26. g3 Rg6 27. Qe4 Qc7
28. Qxg6 Nxd4 29. Qe4 Nf3+ 30. Kh1 Qc5 31. Qg4 Qc6 32. Qxe6+ Kh7 33. Qxh3+ Kg8
34. Qe6+ Kh7 35. Qd5 Qd7 36. e6 Qe7 37. Nf7 Nxh2 38. Qh5+  1-0

[Event "1st 4NCL International"]
[Site "Telford"]
[Date "2018.10.31"]
[Round "1"]
[Board "11"]
[White "Shetty, Yash"]
[Black "Brockes, Jeremy P"]
[Result "1-0"]
[WhiteElo "1286"]
[BlackElo "1492"]
[PlyCount "67"]
[EventDate "2018.10.31"]
[EventRounds "9"]
[EventCountry "ENG"]

1. g3 Nf6 2. Bg2 g6 3. e4 d6 4. d4 Bg7 5. Nc3 O-O 6. Nge2 Nbd7 7. O-O c5 8.
dxc5 Nxc5 9. Be3 Be6 10. f3 Rc8 11. Qd2 a6 12. Rad1 b5 13. a3 Nfd7 14. Nd4 Nb6
15. b3 Qc7 16. Qf2 Nbd7 17. Nce2 Ne5 18. h3 Bd7 19. f4 Nc6 20. Nc3 e6 21. Ncxb5
axb5 22. Nxb5 Qb8 23. Nxd6 Nb7 24. Nxc8 Qxc8 25. e5 Ne7 26. Qd2 Nd5 27. Bf2 Nc5
28. Qd4 Nb7 29. c4 Rd8 30. cxd5 exd5 31. Qxd5 Bxh3 32. Qxb7 Bxg2 33. Rxd8+ Qxd8
34. Kxg2  1-0

[Event "1st 4NCL International"]
[Site "Telford"]
[Date "2018.10.31"]
[Round "1"]
[Board "12"]
[White "Steel, Martin J"]
[Black "Maurus, Pavel"]
[Result "0-1"]
[WhiteElo "1487"]
[BlackElo "1150"]
[PlyCount "68"]
[EventDate "2018.10.31"]
[EventRounds "9"]
[EventCountry "ENG"]

1. e4 g6 2. d4 Bg7 3. f4 c5 4. e5 cxd4 5. Qxd4 d6 6. Nf3 Nc6 7. Bb5 a6 8. Bxc6+
bxc6 9. O-O Bf5 10. Qc4 Qc8 11. exd6 exd6 12. Re1+ Ne7 13. Ng5 d5 14. Qe2 Qd8
15. c3 h6 16. Nf3 Be4 17. Nbd2 f5 18. Nb3 h5 19. Nbd4 c5 20. Ne6 Qd6 21. Nxg7+
Kf8 22. Nxf5 gxf5 23. Ng5 h4 24. b3 Ng6 25. Qf2 Re8 26. Ba3 Qxf4 27. Qxc5+ Kg8
28. Nxe4 dxe4 29. Qd5+ Kh7 30. Qd7+ Kh6 31. Bc1 e3 32. Qd3 Qf2+ 33. Kh1 Qxe1+
34. Qf1 Qxf1#  0-1

[Event "1st 4NCL International"]
[Site "Telford"]
[Date "2018.11.01"]
[Round "2"]
[Board "1"]
[White "Bamford, Paul"]
[Black "Hirst, Joe"]
[Result "1/2-1/2"]
[WhiteElo "1578"]
[BlackElo "1425"]
[PlyCount "34"]
[EventDate "2018.10.31"]
[EventRounds "9"]
[EventCountry "ENG"]

1. d4 Nf6 2. Nf3 g6 3. e3 Bg7 4. Be2 O-O 5. c4 d6 6. O-O Nbd7 7. Nc3 c5 8. d5
a6 9. e4 Rb8 10. Re1 Qc7 11. h3 Ne8 12. Bd3 Ne5 13. Nxe5 dxe5 14. Be3 Nd6 15.
Rc1 Bd7 16. a3 b6 17. Bg5 f6  1/2-1/2

[Event "1st 4NCL International"]
[Site "Telford"]
[Date "2018.11.01"]
[Round "2"]
[Board "2"]
[White "Parry, Samuel A"]
[Black "Shetty, Yash"]
[Result "0-1"]
[WhiteElo "1518"]
[BlackElo "1286"]
[PlyCount "56"]
[EventDate "2018.10.31"]
[EventRounds "9"]
[EventCountry "ENG"]

1. d4 f5 2. Bf4 e6 3. Nf3 Nf6 4. e3 Be7 5. h3 O-O 6. Bd3 c5 7. c3 Nc6 8. Nbd2
d5 9. Ne5 Nxe5 10. dxe5 Ne4 11. Bxe4 fxe4 12. Qg4 Bd7 13. h4 Qb6 14. Rb1 Rf5
15. Bg5 Bxg5 16. hxg5 Be8 17. Qg3 Qa6 18. a3 Qd3 19. Rd1 Qc2 20. Rb1 Bg6 21. f4
exf3 22. gxf3 Raf8 23. f4 d4 24. cxd4 cxd4 25. Rf1 Qd3 26. Rc1 Bh5 27. Nf3
Qxe3+ 28. Kd1 Rxf4  0-1

[Event "1st 4NCL International"]
[Site "Telford"]
[Date "2018.11.01"]
[Round "2"]
[Board "3"]
[White "Mellor, Peter"]
[Black "Waller, John"]
[Result "1-0"]
[WhiteElo "1427"]
[BlackElo "1495"]
[PlyCount "51"]
[EventDate "2018.10.31"]
[EventRounds "9"]
[EventCountry "ENG"]

1. b4 e5 2. Bb2 d6 3. e3 Nf6 4. Nf3 Bg4 5. h3 Bh5 6. Be2 Nbd7 7. a3 Be7 8. d4
e4 9. Nh2 Bxe2 10. Qxe2 d5 11. Nd2 c6 12. O-O h5 13. f3 Qc7 14. f4 O-O-O 15.
Rac1 Rdg8 16. c4 Nb6 17. cxd5 Nbxd5 18. b5 Kd8 19. bxc6 bxc6 20. Nc4 Nd7 21.
Ne5 Nxe5 22. dxe5 Qb6 23. Rfd1 Ke8 24. Bd4 c5 25. Ba1 Qb3 26. Rb1  1-0

[Event "1st 4NCL International"]
[Site "Telford"]
[Date "2018.11.01"]
[Round "2"]
[Board "4"]
[White "Shepherd, Graham C"]
[Black "Pert, Nina P"]
[Result "1-0"]
[WhiteElo "1416"]
[BlackElo "1438"]
[PlyCount "105"]
[EventDate "2018.10.31"]
[EventRounds "9"]
[EventCountry "ENG"]

1. d4 d5 2. Nf3 e6 3. e3 Nf6 4. Bd3 c5 5. b3 Nc6 6. O-O Be7 7. Bb2 O-O 8. Nbd2
Re8 9. a3 Bd6 10. Ne5 Bxe5 11. dxe5 Nd7 12. f4 Qb6 13. c4 d4 14. Rf3 f5 15.
exf6 Nxf6 16. Rh3 e5 17. Rg3 dxe3 18. Rxe3 Bg4 19. Qc2 Qc7 20. fxe5 Nxe5 21.
Rae1 Nxd3 22. Rxe8+ Nxe8 23. Qxd3 Rd8 24. Qe3 Qf7 25. Ne4 b6 26. Qg5 Rd1 27.
Rxd1 Bxd1 28. Qg3 Bxb3 29. Qxb3 Qe6 30. Qd3 g6 31. Qd5 Qxd5 32. cxd5 Kf7 33.
Be5 Ke7 34. Kf2 a5 35. Ke3 Kd7 36. Kd3 Nc7 37. Nf6+ Kd8 38. Bxc7+ Kxc7 39. Nxh7
Kd6 40. Kc4 a4 41. Ng5 Kd7 42. Ne4 Kd8 43. Kb5 Ke7 44. Kxa4 Kd7 45. Kb5 Kc7 46.
g4 g5 47. Kc4 Kd7 48. Nxg5 Kd6 49. h4 b5+ 50. Kxb5 Kxd5 51. Ne4 c4 52. Nc3+ Kd4
53. Kb4  1-0

[Event "1st 4NCL International"]
[Site "Telford"]
[Date "2018.11.01"]
[Round "2"]
[Board "5"]
[White "Maurus, Pavel"]
[Black "Neil, Graham"]
[Result "0-1"]
[WhiteElo "1150"]
[BlackElo "1660"]
[PlyCount "90"]
[EventDate "2018.10.31"]
[EventRounds "9"]
[EventCountry "ENG"]

1. d4 g6 2. Bf4 e6 3. e3 Bg7 4. Nc3 c6 5. Nf3 d5 6. h4 Nf6 7. Be2 Nbd7 8. Ne5
a6 9. h5 Ne4 10. Nxe4 dxe4 11. hxg6 hxg6 12. Rxh8+ Bxh8 13. f3 Nxe5 14. dxe5
exf3 15. Qxd8+ Kxd8 16. O-O-O+ Bd7 17. Bg5+ Kc7 18. gxf3 Bxe5 19. f4 Bg7 20.
Rf1 Rh8 21. e4 f6 22. Bxf6 Bxf6 23. e5 Be7 24. a3 g5 25. fxg5 Bxg5+ 26. Kd1 Rh4
27. Bd3 Bf4 28. Re1 Rh5 29. Re4 Bxe5 30. c3 Bd6 31. Be2 Rh1+ 32. Kd2 e5 33. Bg4
Rh4 34. Bf3 Rxe4 35. Bxe4 Be6 36. Kd3 b5 37. b4 Kb6 38. Bf3 Bf5+ 39. Ke3 c5 40.
Bd5 cxb4 41. cxb4 a5 42. bxa5+ Kxa5 43. Be4 Be6 44. Bc6 Bxa3 45. Ke4 Bb2  0-1

[Event "1st 4NCL International"]
[Site "Telford"]
[Date "2018.11.01"]
[Round "2"]
[Board "6"]
[White "Tarr, Steve F"]
[Black "Szwajkun, Steve"]
[Result "1-0"]
[WhiteElo "1728"]
[BlackElo "1345"]
[PlyCount "85"]
[EventDate "2018.10.31"]
[EventRounds "9"]
[EventCountry "ENG"]

1. d4 d6 2. Bf4 Nd7 3. Nf3 h6 4. h3 b6 5. e3 a6 6. c4 Bb7 7. Nbd2 e6 8. Bg3 g6
9. Be2 Bg7 10. Rb1 Ne7 11. O-O Nf5 12. Bh2 c5 13. d5 e5 14. Ne4 Nf6 15. Nxf6+
Bxf6 16. Nd2 Bg7 17. Qa4+ Qd7 18. Qxd7+ Kxd7 19. Bg4 h5 20. Be2 f6 21. Bd3 Ne7
22. f4 f5 23. e4 Raf8 24. fxe5 dxe5 25. Nf3 f4 26. Ng5 Bh6 27. Ne6 Rf6 28. b4
Bc8 29. bxc5 bxc5 30. Nxc5+ Kc7 31. Kh1 Rhf8 32. Be2 Rb6 33. Nd3 Bg7 34. c5
Rxb1 35. Rxb1 Ng8 36. d6+ Kd7 37. Nb4 Bb7 38. Nd5 Kc6 39. Rb6+ Kxc5 40. Rxb7
Bh6 41. d7 Bg5 42. Rc7+ Kd4 43. Rc4#  1-0

[Event "1st 4NCL International"]
[Site "Telford"]
[Date "2018.11.01"]
[Round "2"]
[Board "7"]
[White "Maladkar, Lavanya"]
[Black "Morris, Nigel W"]
[Result "0-1"]
[WhiteElo "1656"]
[BlackElo "1455"]
[PlyCount "105"]
[EventDate "2018.10.31"]
[EventRounds "9"]
[EventCountry "ENG"]

1. d4 Nf6 2. c4 g6 3. Nc3 Bg7 4. e4 d6 5. f3 O-O 6. Be3 Nc6 7. Nge2 a6 8. Ng3
Rb8 9. Be2 e5 10. d5 Ne7 11. O-O Ne8 12. Bd3 f5 13. f4 exf4 14. Bxf4 fxe4 15.
Bxe4 Nf5 16. Nxf5 Bxf5 17. Bxf5 Rxf5 18. Qe2 Bd4+ 19. Kh1 Qf6 20. Ne4 Qf8 21.
Bg5 Ng7 22. g4 Rf7 23. Rxf7 Qxf7 24. Rf1 Qe8 25. Bf6 Be5 26. Bxe5 Qxe5 27. Nf6+
Kh8 28. Qxe5 dxe5 29. Nd7 Re8 30. Nxe5 Kg8 31. Nf7 h5 32. gxh5 Nxh5 33. Ng5 Re7
34. Ne6 Ng7 35. Rf8+ Kh7 36. Ng5+ Kh6 37. Nf7+ Kh5 38. Rh8+ Kg4 39. Nh6+ Kf3
40. Rf8+ Nf5 41. h4 Re1+ 42. Kh2 Re2+ 43. Kh3 Re1 44. Kh2 Re2+ 45. Kg1 Re1+ 46.
Kh2 Re2+ 47. Kh3 Re1 48. Ng4 Rh1+ 49. Nh2+ Kf2 50. h5 Kg1 51. Kg4 Rxh2 52. hxg6
Ne7 53. Ra8  0-1

[Event "1st 4NCL International"]
[Site "Telford"]
[Date "2018.11.01"]
[Round "2"]
[Board "8"]
[White "Cordova Lopez, Diego Anton"]
[Black "Fraser, Chris A"]
[Result "1-0"]
[WhiteElo "1447"]
[BlackElo "1592"]
[PlyCount "115"]
[EventDate "2018.10.31"]
[EventRounds "9"]
[EventCountry "ENG"]

1. e4 c5 2. Nf3 g6 3. c3 Bg7 4. d4 cxd4 5. cxd4 d5 6. exd5 Nf6 7. Nc3 Nxd5 8.
Qc2 O-O 9. Nxd5 Qxd5 10. Bc4 Qd6 11. Be3 Bf5 12. Qd2 Nc6 13. O-O Rac8 14. Rac1
Rfd8 15. Rfd1 Be4 16. Ng5 Bd5 17. Bxd5 Qxd5 18. b3 Rd7 19. Rc5 Qd6 20. Ne4 Qb8
21. Qc2 Rcd8 22. d5 Nb4 23. Qc4 Na6 24. Ra5 Rc8 25. Qe2 Qc7 26. Ra4 Qe5 27. Qd3
Rcd8 28. Ra5 e6 29. Bd4 Qf5 30. Bxg7 Kxg7 31. Nc3 Qxd3 32. Rxd3 Nb4 33. Rf3 b6
34. Ra4 Nxd5 35. g3 Nxc3 36. Rxc3 Rd1+ 37. Kg2 R8d7 38. Rac4 R1d2 39. Rc2 Rxc2
40. Rxc2 e5 41. f3 f5 42. Kf2 Kf7 43. Ke3 Ke7 44. g4 f4+ 45. Ke4 Ke6 46. Rc6+
Rd6 47. Rc4 a5 48. a4 h5 49. gxh5 gxh5 50. h4 Kf6 51. b4 axb4 52. Rxb4 Rc6 53.
Kd5 Re6 54. Re4 Kf5 55. Re2 Re8 56. Rg2 Rh8 57. Rg5+ Kf6 58. Rxe5  1-0

[Event "1st 4NCL International"]
[Site "Telford"]
[Date "2018.11.01"]
[Round "2"]
[Board "9"]
[White "Maurus, Mickey"]
[Black "Szwajkun, Richard"]
[Result "0-1"]
[WhiteElo "1435"]
[BlackElo "1584"]
[PlyCount "126"]
[EventDate "2018.10.31"]
[EventRounds "9"]
[EventCountry "ENG"]

1. d4 Nf6 2. Bf4 d5 3. e3 Bf5 4. c3 c6 5. Nf3 e6 6. Bd3 Bxd3 7. Qxd3 Bd6 8. Bg3
Ne4 9. Nbd2 f5 10. Bxd6 Qxd6 11. Ne5 Nd7 12. Ndf3 c5 13. Nxd7 c4 14. Qc2 Qxd7
15. Ne5 Qc7 16. Qa4+ Ke7 17. O-O a6 18. Qb4+ Nd6 19. Rfe1 b5 20. a4 a5 21. Qa3
b4 22. cxb4 axb4 23. Qxb4 Rhb8 24. Qc3 Rb3 25. Qc2 Qb6 26. Ra2 Rb8 27. Re2 Ne4
28. h3 c3 29. bxc3 Nxc3 30. Rd2 Nxa2 31. Nc6+ Kd7 32. Nxb8+ Qxb8 33. Qxa2 Rb1+
34. Qxb1 Qxb1+ 35. Kh2 Qa1 36. Rc2 Qxa4 37. Rc5 h5 38. Rc1 h4 39. Rb1 Ke7 40.
Rb7+ Kf6 41. g3 g5 42. gxh4 gxh4 43. Kg2 Qe8 44. Kf3 Qh5+ 45. Kg2 Qg5+ 46. Kf3
e5 47. Rb6+ Ke7 48. dxe5 Qg1 49. Rf6 Qh1+ 50. Kf4 Qh2+ 51. Kxf5 Qxf2+ 52. Kg6
Qg3+ 53. Kf5 Qxh3+ 54. Kg6 Qg4+ 55. Kh6 h3 56. Rg6 Qh4+ 57. Kg7 h2 58. Rh6 Qg5+
59. Rg6 Qxe5+ 60. Kg8 h1=Q 61. Rg7+ Ke8 62. Re7+ Qxe7 63. e4 Qhh7#  0-1

[Event "1st 4NCL International"]
[Site "Telford"]
[Date "2018.11.01"]
[Round "2"]
[Board "11"]
[White "Robinson, Brian"]
[Black "Fisher, Neal"]
[Result "1/2-1/2"]
[WhiteElo "1557"]
[BlackElo "1434"]
[PlyCount "46"]
[EventDate "2018.10.31"]
[EventRounds "9"]
[EventCountry "ENG"]

1. d4 d5 2. Nf3 c6 3. e3 Nf6 4. Nbd2 Qc7 5. Bd3 Bg4 6. O-O Nbd7 7. c3 e5 8. e4
exd4 9. cxd4 dxe4 10. Nxe4 Nxe4 11. Bxe4 Bd6 12. h3 Bh5 13. Re1 O-O-O 14. Qa4
Bxf3 15. Bxf3 Kb8 16. Be3 Nb6 17. Qb3 Bf4 18. Bxf4 Qxf4 19. Re7 Rxd4 20. Rxf7
Qe5 21. Rd1 Rxd1+ 22. Qxd1 g6 23. Qe2 Qxe2  1/2-1/2

[Event "1st 4NCL International"]
[Site "Telford"]
[Date "2018.11.01"]
[Round "2"]
[Board "12"]
[White "Sandhu, Manvith"]
[Black "Gorgun, Arif Asil"]
[Result "1-0"]
[WhiteElo "1483"]
[BlackElo "962"]
[PlyCount "87"]
[EventDate "2018.10.31"]
[EventRounds "9"]
[EventCountry "ENG"]

1. e4 e5 2. Nf3 Nc6 3. Bb5 f6 4. O-O a6 5. Ba4 b5 6. Bb3 f5 7. exf5 e4 8. Re1
e3 9. Rxe3+ Be7 10. Nc3 Nb4 11. a3 Nc6 12. d4 Nf6 13. Re1 Kf8 14. Bf4 Nh5 15.
Bg3 g6 16. fxg6 hxg6 17. Qd3 b4 18. Qxg6 d5 19. Qxc6 Bd7 20. Qxd5 Be8 21. Qxd8
Rxd8 22. Nd5 Bd6 23. Bxd6+ cxd6 24. Nc7 Bc6 25. Ne6+ Ke7 26. Nxd8+ Kxd8 27. d5
Ba8 28. axb4 Bb7 29. Ng5 Rf8 30. Ne6+ Ke7 31. Nxf8+ Kxf8 32. Re6 Ng7 33. Rxd6
Ne8 34. Rd7 Bc8 35. Rd8 Bf5 36. Ba4 Bg6 37. Bxe8 Bxe8 38. Re1 Kf7 39. Rdxe8 a5
40. d6 a4 41. d7 a3 42. d8=Q Kg7 43. R1e6 Kf7 44. Qe7#  1-0

[Event "1st 4NCL International"]
[Site "Telford"]
[Date "2018.11.01"]
[Round "2"]
[Board "13"]
[White "Duffell, Andrew"]
[Black "Steel, Martin J"]
[Result "1-0"]
[WhiteElo "1630"]
[BlackElo "1487"]
[PlyCount "109"]
[EventDate "2018.10.31"]
[EventRounds "9"]
[EventCountry "ENG"]

1. d4 Nf6 2. c4 c5 3. d5 b5 4. f3 bxc4 5. e4 d6 6. Bxc4 g6 7. Ne2 Bg7 8. a4 O-O
9. Nec3 Nbd7 10. Be3 Ne5 11. Be2 Bb7 12. O-O Rb8 13. Na3 Ne8 14. Qd2 Nc7 15.
Nab5 a6 16. Nxc7 Qxc7 17. a5 Rfe8 18. Rfb1 Nd7 19. Bf2 Nf6 20. Ra4 Qd7 21. b4
Nxd5 22. exd5 Bxc3 23. Qxc3 Qxa4 24. Be1 cxb4 25. Rxb4 Qd7 26. Qd4 e5 27. Qd2
Qd8 28. Rh4 Qf6 29. Qh6 Qg7 30. Qd2 f5 31. Rb4 Qf7 32. Rb3 Qc7 33. Bxa6 Bxa6
34. Rb6 Qd7 35. Rxa6 Qb5 36. Rc6 Qb4 37. Qxb4 Rxb4 38. Bxb4 Ra8 39. Kf2 Kf7 40.
Ke3 Ke8 41. f4 e4 42. Rxd6 Kf7 43. Rb6 Rc8 44. Rc6 Rb8 45. Rc4 Rb5 46. Kd4 h6
47. h4 Ke8 48. a6 Rb8 49. a7 Ra8 50. Rc7 Kd8 51. Rh7 h5 52. Rh8+ Kc7 53. Rxa8
Kb7 54. Rg8 Kxa7 55. Rxg6  1-0

[Event "1st 4NCL International"]
[Site "Telford"]
[Date "2018.11.01"]
[Round "2"]
[Board "14"]
[White "Hawthorne, Julian N"]
[Black "Fancourt, Leslie J"]
[Result "1-0"]
[WhiteElo "1332"]
[BlackElo "1570"]
[PlyCount "117"]
[EventDate "2018.10.31"]
[EventRounds "9"]
[EventCountry "ENG"]

1. d4 f5 2. Bf4 Nf6 3. Nf3 e6 4. e3 d5 5. Ne5 Nbd7 6. a3 Ne4 7. Qh5+ g6 8. Nxg6
Ndf6 9. Qh4 Rg8 10. Nxf8 Rxf8 11. f3 Nd6 12. Nc3 c6 13. Bd3 Qe7 14. O-O-O Bd7
15. Qg3 Nf7 16. Rde1 O-O-O 17. Bb8 Be8 18. Bxa7 Nd6 19. Bb6 Rd7 20. Na4 Rg8 21.
Qf2 Qg7 22. Nc5 Re7 23. Qd2 Kb8 24. Qa5 Nc8 25. g3 Bh5 26. Rhf1 Qh6 27. Bd8
Rxd8 28. Qxd8 b6 29. Na6+ Kb7 30. b4 Qg7 31. Nc5+ Kb8 32. Ba6 Re8 33. Nxe6 Qa7
34. Qxf6 Qxa6 35. Qe5+ Ka7 36. Qc7+ Ka8 37. Qxc6+ Kb8 38. Kb2 Re7 39. Qxd5 Bf7
40. Qe5+ Kb7 41. d5 b5 42. Nd8+ Ka8 43. Qc3 Nd6 44. Qc6+ Qxc6 45. Nxc6 Nc4+ 46.
Kc3 Rc7 47. e4 Nxa3 48. Kb2 Nc4+ 49. Kc1 Bg8 50. Kd1 Nb2+ 51. Ke2 Bf7 52. Ra1+
Na4 53. Kd3 fxe4+ 54. fxe4 Kb7 55. Nd8+ Kb6 56. Rf6+ Ka7 57. Rxf7 Rxf7 58. Nxf7
Kb6 59. e5  1-0